[Event "Open Vitrolles 2018/2019"]
[Site "Vitrolles"]
[Date "2018.09.29"]
[Round "1.1"]
[White "Bouriel, Michel"]
[Black "Vinet, Christophe"]
[Result "1-0"]
[WhiteElo "1385"]
[BlackElo "1638"]
[PlyCount "51"]

1. c4 e5 2. Nc3 Nf6 3. Nf3 Nc6 4. g3 d6 5. Bg2 Bd7 6. O-O g6 7. d3 Bg7 8. Rb1
a5 9. Bg5 Qc8 10. Qc1 h6 11. Bd2 Bh3 12. Nb5 Bxg2 13. Kxg2 h5 14. Be3 Ne7 15.
Bb6 O-O 16. Bxc7 e4 17. dxe4 Nxe4 18. Qf4 Qe6 19. Nxd6 f5 20. Qe3 Qd7 21. Nb5
Rfc8 22. Rfd1 Qc6 23. Bf4 Qxc4 24. Nd6 Nxd6 25. Qxe7 Ne4 26. Rd7 1-0

[Event "Open Vitrolles 2018/2019"]
[Site "Vitrolles"]
[Date "2018.09.29"]
[Round "1.2"]
[White "Jullien, Patrick"]
[Black "Cens, Alain"]
[Result "1/2-1/2"]
[WhiteElo "1592"]
[BlackElo "1383"]
[PlyCount "85"]

1. d4 f5 2. c4 Nf6 3. Nf3 e6 4. Nc3 d5 5. e3 c6 6. Be2 Bd6 7. b3 Nbd7 8. O-O
O-O 9. Bb2 Ne4 10. Nxe4 fxe4 11. Ne5 Nxe5 12. dxe5 Bc7 13. Bh5 Qg5 14. Qg4 Rf5
15. Qxg5 Rxg5 16. Be2 Bxe5 17. Bxe5 Rxe5 18. Rad1 Bd7 19. g4 Rg5 20. Kg2 Be8
21. Kg3 Rg6 22. h4 Rd8 23. g5 e5 24. c5 h6 25. Bh5 Re6 26. Bg4 Re7 27. Rh1 Bd7
28. Bh5 Bf5 29. Bg4 Rf8 30. Bh5 g6 31. Be2 h5 32. Rd2 Ref7 33. Rf1 Be6 34. Bd1
Rd7 35. Be2 d4 36. exd4 exd4 37. Bd1 Bf5 38. Re1 Re8 39. Kf4 Kg7 40. Kg3 e3 41.
fxe3 dxe3 42. Rxd7+ Bxd7 43. Kf4 1/2-1/2

[Event "Open Vitrolles 2018/2019"]
[Site "Vitrolles"]
[Date "2018.09.29"]
[Round "1.3"]
[White "Maccagno, Gilbert"]
[Black "Thiers, Jean-Jacques"]
[Result "1/2-1/2"]
[WhiteElo "1382"]
[BlackElo "1588"]
[PlyCount "126"]

1. e4 e5 2. Nf3 Nc6 3. Bc4 Bc5 4. c3 Nf6 5. d3 h6 6. O-O d6 7. h3 O-O 8. Re1
Na5 9. Bb5 a6 10. Ba4 b5 11. Bc2 Bb7 12. b4 Bb6 13. bxa5 Bxa5 14. Bd2 c5 15. d4
Re8 16. d5 Rc8 17. Bd3 Rc7 18. c4 Bxd2 19. Nbxd2 b4 20. a4 a5 21. Nf1 Bc8 22.
Ng3 g6 23. Nd2 Nh7 24. Nf3 Rf8 25. Qd2 Kg7 26. Qc2 Rb7 27. Reb1 Qe7 28. Rb2 Bd7
29. Qd1 Rfb8 30. Bc2 Nf6 31. Bb3 Kh7 32. Qe2 Rg8 33. Kh1 Ne8 34. Qe3 Nf6 35.
Qd3 Rbb8 36. Re2 Rg7 37. Ree1 Rbg8 38. Qe3 Rh8 39. Bc2 Kg8 40. Nd2 h5 41. Kg1
h4 42. Ne2 g5 43. Ng3 hxg3 44. fxg3 Nh5 45. Rf1 f6 46. Rf2 Rh6 47. Nb3 Qd8 48.
Nd2 Rgh7 49. Nf1 Qc8 50. Bd1 Qe8 51. Nh2 Qg6 52. Ng4 Bxg4 53. Bxg4 Rb7 54. Be6+
Kg7 55. Rb1 Rh8 56. Qf3 Rf8 57. Bf5 Qe8 58. Bg4 Kh6 59. Bxh5 Qxh5 60. Qxh5+
Kxh5 61. g4+ Kg6 62. Rb3 Re7 63. Rbf3 Rb7 1/2-1/2

[Event "Open Vitrolles 2018/2019"]
[Site "Vitrolles"]
[Date "2018.09.29"]
[Round "1.4"]
[White "Scamaroni, Jean-Paul"]
[Black "Guisset, Andre"]
[Result "0-1"]
[WhiteElo "1569"]
[BlackElo "1367"]
[PlyCount "78"]

1. d4 Nf6 2. c4 e6 3. Nc3 Bb4 4. Qc2 Bxc3+ {
Une variante marginale pour sortir les Blancs de leurs livres} 5. Qxc3 Ne4 6.
Qc2 f5 7. Nf3 $14 Nc6 8. Bf4 $6 {pas la meilleure case pour le B : Il invite à
une attaque sur l'aile-roi que les Noirs ne vont pas manquer de lancer.} (8. g3
b6 9. Bg2 $14 {est une suite possible, ou}) (8. e3 O-O 9. a3 a5 $14) 8... d6 {
protège la case e5 mais affaiblit le Pe6} 9. a3 a5 10. e3 ({sur} 10. g3 a4 (
10... Nxd4 11. Nxd4 e5 12. Bg2 exd4 13. Bxe4 fxe4 14. Qxe4+ Qe7 15. Qxd4 O-O
16. O-O $14 {les Noirs sont OK malgré le P de moins.}) 11. Bg2 O-O 12. O-O Bd7
$14) 10... Bd7 11. Bd3 g5 {un bon coup} 12. Bg3 (12. Bxe4 gxf4 13. Bxc6 Bxc6
14. d5 exd5 $1 $14 {est une suite possible}) 12... Nxg3 {normal, les Noirs
enlève la paire de B aux Blancs car leur N avait une position instable en e4}
13. hxg3 g4 14. Nh4 (14. Ng1 {était meilleur avec l'idée Ng1-e2 f4}) 14... Ne7
$2 15. e4 (15. d5 $1 {cause de réels problèmes aux Noirs. L'idée est de s'en
prendre au Pf5 et de mettre en danger le K noir resté au centre.} {Par exemple}
O-O {met le K noir à l'abris et protège une fois d plus le Pf5.} 16. dxe6 Bxe6)
15... Nc6 16. d5 Nd4 17. Qc3 Qf6 18. f3 e5 19. O-O f4 20. fxg4 Bxg4 21. Rf2 b6
22. Raf1 Qg5 23. Nf3 Bxf3 24. gxf4 Qxf4 25. Rxf3 Nxf3+ 26. Rxf3 Qg5 27. Qc2
O-O-O 28. c5 dxc5 29. Qa4 Rd6 30. Qb5 Rg8 31. Bf1 Rf6 32. Rxf6 Qxf6 33. Qa6+
Kb8 34. Qb5 Qg6 35. Qd3 h5 36. a4 h4 37. Qh3 Qg3 38. Qe6 h3 39. Kh1 hxg2+ 0-1

[Event "Open Vitrolles 2018/2019"]
[Site "Vitrolles"]
[Date "2018.09.29"]
[Round "1.5"]
[White "Misene, Milan"]
[Black "Derien, Robert"]
[Result "0-1"]
[WhiteElo "1298"]
[BlackElo "1524"]
[PlyCount "110"]

1. d4 Nf6 2. Bf4 d5 3. e3 Nbd7 4. Nf3 c5 5. c3 Nh5 6. Bg3 Nxg3 7. hxg3 Qc7 8.
Nbd2 e5 9. dxe5 Nxe5 10. Nxe5 Qxe5 11. Nf3 Qd6 12. Rh5 f5 13. Bb5+ Bd7 14.
Bxd7+ Qxd7 15. Ne5 Qe6 16. Qa4+ Ke7 17. f4 g6 18. Rh1 Bg7 19. Qb5 b6 20. Qe2
Bxe5 21. fxe5 Qxe5 22. Qf3 Qe4 23. Rh4 Qe5 24. Rd1 Rad8 25. Kf2 b5 26. Qf4 Ke6
27. Qxe5+ Kxe5 28. b3 a5 29. g4 fxg4 30. Rxg4 Rhf8+ 31. Ke2 Rf7 32. e4 d4 33.
cxd4+ cxd4 34. Kd3 Rc7 35. Rg5+ Kf4 36. Rd5 Rxd5 37. exd5 Ke5 38. d6 Rd7 39.
Re1+ Kd5 40. Re4 Rxd6 41. Rxd4+ Kc5 42. Rxd6 Kxd6 43. Kd4 h5 44. g3 g5 45. Ke4
h4 46. g4 h3 47. Kf3 h2 48. Kg2 h1=Q+ 49. Kxh1 Kc5 50. Kg1 Kb4 51. Kf1 Ka3 52.
Ke1 Kxa2 53. Kd1 Kxb3 54. Kc1 Kc3 55. Kb1 Kd3 0-1

[Event "Open Vitrolles 2018/2019"]
[Site "Vitrolles"]
[Date "2018.09.29"]
[Round "1.6"]
[White "Fournier, Alain"]
[Black "Porte, Jacques"]
[Result "1-0"]
[WhiteElo "1510"]
[BlackElo "1254"]
[PlyCount "103"]

1. f4 g6 2. Nf3 Bg7 3. e3 c5 4. Nc3 Nc6 5. Bb5 d5 6. Ne5 Bxe5 7. fxe5 e6 8. O-O
Nge7 9. Qf3 Rf8 10. d4 cxd4 11. exd4 Nf5 12. Qf2 Bd7 13. Bxc6 Bxc6 14. g4 Nh4
15. Bh6 Qe7 16. Bxf8 Kxf8 17. Rae1 g5 18. a4 Ng6 19. Nb5 Nf4 20. Qg3 Bxb5 21.
axb5 Qb4 22. Qa3 Qe7 23. Re3 Ke8 24. Qa4 Qd7 25. Rxf4 gxf4 26. Rh3 Kf8 27. Rxh7
Kg8 28. Rh6 Kg7 29. Rf6 a5 30. Qb3 b6 31. Rxf4 Rh8 32. Qf3 Qe7 33. g5 Kf8 34.
Rg4 Rh5 35. h4 Qb4 36. Rf4 Qe1+ 37. Kg2 Qd2+ 38. Qf2 Qxf2+ 39. Kxf2 Kg7 40. Kg3
Rh8 41. Kg4 Rf8 42. Rf6 Rg8 43. h5 Rf8 44. g6 fxg6 45. Rxg6+ Kf7 46. Rf6+ Ke7
47. Rxf8 Kxf8 48. Kg5 Kg7 49. h6+ Kf7 50. h7 Kg7 51. h8=Q+ Kxh8 52. Kg6 1-0

[Event "Open Vitrolles 2018/2019"]
[Site "Vitrolles"]
[Date "2018.09.29"]
[Round "1.7"]
[White "Mars, Florence"]
[Black "Bregier, Gerard"]
[Result "1-0"]
[WhiteElo "1253"]
[BlackElo "1452"]
[PlyCount "98"]

1. e4 g6 2. d4 Bg7 3. Nf3 d6 4. Be2 a6 5. c4 e6 6. Nc3 Ne7 7. Be3 b6 8. a4 Nd7
9. O-O Bb7 10. Qc2 O-O 11. d5 e5 12. Nd2 f5 13. f4 fxe4 14. Ndxe4 Nf5 15. Qd2
Nxe3 16. Qxe3 exf4 17. Rxf4 Rxf4 18. Qxf4 Qe7 19. Qd2 Re8 20. Bg4 Ne5 21. Be6+
Kh8 22. b3 h6 23. Rf1 Bc8 24. Rf6 Kh7 25. Qf2 Rf8 26. Rxf8 Bxe6 27. dxe6 Bxf8
28. Nd5 Qg7 29. Qf6 Nc6 30. Qxg7+ Kxg7 31. Nxc7 a5 32. Ne8+ Kh8 33. N8xd6 Ne5
34. Nc8 Bc5+ 35. Kf1 Kg7 36. Ned6 Nc6 37. Nb7 Bb4 38. Ke2 Nd4+ 39. Kd3 Nxe6 40.
Nxb6 Nf4+ 41. Ke4 Ne6 42. Kd5 Kf7 43. c5 Ke7 44. Kc4 Nc7 45. Nd5+ Kd7 46. Nxb4
axb4 47. Kxb4 Kc6 48. Nd8+ Kd5 49. Kc3 Kxc5 1-0

[Event "Open Vitrolles 2018/2019"]
[Site "Vitrolles"]
[Date "2018.09.29"]
[Round "1.8"]
[White "Pinto, Axel"]
[Black "Coquet, Bruno"]
[Result "1-0"]
[WhiteElo "1449"]
[BlackElo "1230"]
[PlyCount "59"]

1. e4 e5 2. Nf3 Nf6 3. Nxe5 d6 4. Nf3 Nxe4 5. Nc3 Nxc3 6. dxc3 Be7 7. Bc4 O-O
8. O-O Nc6 9. Re1 Na5 10. Bd5 c6 11. Be4 d5 12. Bd3 Bg4 13. Bf4 Re8 14. h3 Bh5
15. Re3 Qb6 16. b3 Rad8 17. Qf1 c5 18. Rae1 Nc6 19. Bb5 Kf8 20. Ne5 d4 21. cxd4
cxd4 22. Re4 d3 23. Bxd3 Nxe5 24. Rxe5 Bg6 25. Bb5 f6 26. Re6 Bc5 27. Rxb6 Bxb6
28. Bxe8 Bxe8 29. Qe2 g5 30. Qe7+ 1-0

[Event "Open Vitrolles 2018/2019"]
[Site "Vitrolles"]
[Date "2018.09.29"]
[Round "1.9"]
[White "Blondelon, Claude"]
[Black "Amoros, Jean"]
[Result "1-0"]
[WhiteElo "1219"]
[BlackElo "1441"]
[PlyCount "119"]

1. d4 Nf6 2. c4 e5 3. e3 exd4 4. exd4 Bb4+ 5. Bd2 Bxd2+ 6. Nxd2 O-O 7. Bd3 d5
8. Ngf3 Re8+ 9. Be2 Qe7 10. Rc1 dxc4 11. Nxc4 Nd5 12. a3 b5 13. Nce5 f6 14. Nd3
Bg4 15. Kf1 Nd7 16. Rc2 Nf8 17. Nfe1 Bd7 18. Bf3 c6 19. g3 Bh3+ 20. Ng2 Qd7 21.
Kg1 Ng6 22. Nc5 Qf5 23. Nd3 Re7 24. Rxc6 Rae8 25. Rc5 Qxd3 26. Bxd5+ Kh8 27.
Qxd3 Re1+ 28. Qf1 Rxf1+ 29. Kxf1 Ne7 30. Bb3 Nf5 31. d5 Nd4 32. Bd1 a6 33. d6
Rd8 34. Rd5 Nc6 35. f3 Ne5 36. Kf2 Nc4 37. a4 Bxg2 38. Re1 Bh3 39. axb5 axb5
40. Rxb5 Ne5 41. Be2 Bd7 42. Rb6 h5 43. Rc1 g5 44. b4 f5 45. f4 gxf4 46. gxf4
Ng4+ 47. Bxg4 fxg4 48. Rc7 Bf5 49. Rbb7 h4 50. Re7 Bg6 51. d7 Kg8 52. Re2 Kf7
53. Ra7 Bf5 54. Rd2 Ke7 55. b5 Rxd7 56. Raxd7+ Bxd7 57. b6 Kd8 58. Ke3 Kc8 59.
Ke4 Kb7 60. Rd6 1-0

[Event "Open Vitrolles 2018/2019"]
[Site "Vitrolles"]
[Date "2018.09.29"]
[Round "1.10"]
[White "Chauvet, Joelle"]
[Black "Pau, Gerard"]
[Result "1-0"]
[WhiteElo "1441"]
[BlackElo "1045"]
[PlyCount "85"]

1. d4 d5 2. e3 Bd7 3. c4 c6 4. Nf3 Bg4 5. b3 Nf6 6. Be2 Nbd7 7. O-O e6 8. Nbd2
Bd6 9. c5 Bc7 10. Re1 O-O 11. Bb2 Ne4 12. Nxe4 dxe4 13. Nd2 Bxe2 14. Qxe2 Qh4
15. g3 Qh6 16. Nxe4 b6 17. Rac1 b5 18. b4 f5 19. Nd6 Qg6 20. f4 Nf6 21. Qg2
Rad8 22. Nb7 Rd5 23. Na5 Bxa5 24. bxa5 a6 25. Rc2 Ne4 26. Qf3 h5 27. Rg2 Qh7
28. h3 h4 29. g4 Nf6 30. gxf5 exf5 31. Rg5 Ne4 32. Rg2 Rf6 33. Kh2 Rg6 34. Reg1
Ng3 35. Bc3 Rd7 36. a3 Re7 37. d5 cxd5 38. Qxd5+ Kh8 39. Qd8+ Qg8 40. Qxe7 Rh6
41. Rxg3 hxg3+ 42. Rxg3 Rh7 43. Rg5 1-0

[Event "Open Vitrolles 2018/2019"]
[Site "Vitrolles"]
[Date "2018.09.29"]
[Round "1.11"]
[White "Schoeni, Christine"]
[Black "Briquet, Xavier"]
[Result "0-1"]
[WhiteElo "1024"]
[BlackElo "1420"]
[PlyCount "64"]

1. d4 d5 2. Bf4 Nf6 3. Nc3 Nc6 4. e3 Bd7 5. Be2 e6 6. Nf3 Be7 7. O-O O-O 8. a3
Re8 9. b3 a6 10. b4 Nh5 11. Be5 f6 12. Bg3 Nxg3 13. fxg3 Bd6 14. e4 dxe4 15.
Nxe4 Be7 16. c3 b6 17. Nf2 f5 18. Nh3 Bf6 19. Re1 e5 20. Bc4+ Kh8 21. b5 axb5
22. Bxb5 exd4 23. Rxe8+ Qxe8 24. cxd4 Nxd4 25. Nxd4 Bxb5 26. a4 Qe3+ 27. Nf2
Bxd4 28. Ra2 Re8 29. h4 Bc6 30. Kf1 Qxg3 31. Qf3 Bxf3 32. Ra3 Qxf2# 0-1

[Event "Open Vitrolles 2018/2019"]
[Site "Vitrolles"]
[Date "2018.10.13"]
[Round "2.1"]
[White "Derien, Robert"]
[Black "Blondelon, Claude"]
[Result "0-1"]
[WhiteElo "1524"]
[BlackElo "1219"]
[PlyCount "80"]

1. e4 e6 2. d4 d5 3. Nd2 dxe4 4. Nxe4 Nd7 5. Nf3 Ngf6 6. Bg5 Be7 7. Bd3 Nxe4 8.
Bxe7 Qxe7 9. Bxe4 Nf6 10. Bd3 O-O 11. Qd2 Bd7 12. Ne5 Rad8 13. Nxd7 Rxd7 14.
O-O Rd5 15. Rfe1 Qd6 16. c3 h6 17. Re3 Ng4 18. Rg3 Nf6 19. Qxh6 Qxg3 20. Qxf6
Qxd3 21. Qf4 Rc8 22. g4 Qg6 23. h4 Rh5 24. Qg3 Rd5 25. Rc1 c5 26. dxc5 Rdxc5
27. b3 Qe4 28. c4 Qe5 29. Qf3 b5 30. Rd1 bxc4 31. Rd7 R5c7 32. Qxf7+ Kh7 33. h5
Rxd7 34. Qxd7 Rc7 35. Qe8 Qf6 36. Qb8 Rf7 37. Qg3 c3 38. g5 Qxf2+ 39. Qxf2 Rxf2
40. Kxf2 c2 0-1

[Event "Open Vitrolles 2018/2019"]
[Site "Vitrolles"]
[Date "2018.10.13"]
[Round "2.2"]
[White "Briquet, Xavier"]
[Black "Fournier, Alain"]
[Result "0-1"]
[WhiteElo "1420"]
[BlackElo "1510"]
[PlyCount "68"]

1. e4 d6 2. d4 Nf6 3. Nc3 c6 4. Bg5 Nbd7 5. Nf3 h6 6. Bh4 e5 7. dxe5 dxe5 8.
Bc4 Qa5 9. Nd2 Bb4 10. Qf3 O-O 11. O-O b5 12. Nb3 Qc7 13. Nd5 Nxd5 14. Bxd5
cxd5 15. c3 Bd6 16. exd5 Bb7 17. Rac1 Qc4 18. Rfd1 Qxh4 19. g3 Qe7 20. Na5 e4
21. Qe2 Nc5 22. Qxb5 Ba6 23. Qb4 Nd3 24. Qa4 Nxc1 25. Nc6 Ne2+ 26. Kg2 Qf6 27.
Qxe4 Rfe8 28. Qc2 Bc5 29. Nd4 Nxd4 30. cxd4 Re2 31. Qxc5 Qxf2+ 32. Kh3 Qxh2+
33. Kg4 Re4+ 34. Kf5 Rae8 0-1

[Event "Open Vitrolles 2018/2019"]
[Site "Vitrolles"]
[Date "2018.10.13"]
[Round "2.3"]
[White "Benoit-Lizon, Alain"]
[Black "Pinto, Axel"]
[Result "0-1"]
[WhiteElo "1415"]
[BlackElo "1449"]
[PlyCount "40"]

1. e4 c5 2. d4 cxd4 3. c3 dxc3 4. Nxc3 Nc6 5. Nf3 g6 6. Bf4 Bg7 7. Bc4 a6 8.
O-O e6 9. Qe2 b5 10. Nd5 exd5 11. Bxd5 Nge7 12. Rac1 O-O 13. Bd6 Re8 14. Bxe7
Rxe7 15. Rfd1 Qb6 16. Rd2 Bh6 17. Nd4 Nxd4 18. Rxd4 Qxd4 19. Rd1 Qa7 20. Bxa8
Qxa8 0-1

[Event "Open Vitrolles 2018/2019"]
[Site "Vitrolles"]
[Date "2018.10.10"]
[Round "2.4"]
[White "Guisset, Andre"]
[Black "Chauvet, Joelle"]
[Result "0-1"]
[WhiteElo "1367"]
[BlackElo "1441"]
[PlyCount "118"]

1. Nf3 d5 2. c4 Nf6 3. cxd5 Nxd5 4. Nc3 e6 5. g3 Be7 6. Bg2 O-O 7. O-O c6 8.
Nxd5 exd5 9. Qc2 Bf6 10. Rb1 Re8 11. Re1 Bg4 12. b4 Qc8 13. Bb2 Bf5 14. d3 Be7
15. Qc3 Bf6 16. Qd2 Nd7 17. Bxf6 Nxf6 18. Rbc1 Qd7 19. b5 Rac8 20. bxc6 Rxc6
21. Rxc6 bxc6 22. Nd4 c5 23. Nxf5 Qxf5 24. h3 d4 25. Qa5 Re7 26. Qd8+ Re8 27.
Qc7 a6 28. Qa7 Re6 29. Qa8+ Ne8 30. Qd5 Qxd5 31. Bxd5 Rb6 32. Bb3 Kf8 33. Rc1
Rb5 34. f4 f6 35. Kf2 Nd6 36. g4 h6 37. Kf3 g6 38. h4 f5 39. h5 Kg7 40. hxg6
Kxg6 41. Rg1 Kf6 42. g5+ hxg5 43. fxg5+ Kg6 44. Kf4 Rb4 45. Rg2 a5 46. Rh2 Nf7
47. Bxf7+ Kxf7 48. Kxf5 Kg7 49. g6 Rb8 50. Rh7+ Kg8 51. Ra7 Rf8+ 52. Kg5 Rf2
53. Ra8+ Kg7 54. Ra7+ Kg8 55. Rxa5 Rxe2 56. Rxc5 Rd2 57. Kf6 Rf2+ 58. Ke5 Rg2
59. Kxd4 Rxg6 0-1

[Event "Open Vitrolles 2018/2019"]
[Site "Vitrolles"]
[Date "2018.10.13"]
[Round "2.5"]
[White "Mars, Florence"]
[Black "Bouriel, Michel"]
[Result "0-1"]
[WhiteElo "1253"]
[BlackElo "1385"]
[PlyCount "80"]

1. e4 c5 2. c4 d6 3. Nf3 g6 4. d4 b6 5. Nc3 Bg7 6. Be2 cxd4 7. Nxd4 Bb7 8. f3
Nd7 9. O-O Ngf6 10. Be3 O-O 11. Qd2 Rc8 12. Rac1 Ne5 13. b3 Nfd7 14. Bh6 Nc5
15. Bxg7 Kxg7 16. Rfd1 h5 17. Nd5 Bxd5 18. cxd5 Rh8 19. h4 Ra8 20. f4 Ned7 21.
Nc6 Qc8 22. Qd4+ Nf6 23. Bf3 e6 24. e5 dxe5 25. fxe5 Ng8 26. d6 Qd7 27. Ne7
Nxe7 28. dxe7 Qxd4+ 29. Rxd4 Rae8 30. b4 Na6 31. Rd7 Nxb4 32. Rxa7 f6 33. Rb1
Nd5 34. Bxd5 exd5 35. e6 f5 36. Rxb6 Kf6 37. Kf2 Rxe7 38. Rxe7 Kxe7 39. Ke3 Rd8
40. a4 Ra8 0-1

[Event "Open Vitrolles 2018/2019"]
[Site "Vitrolles"]
[Date "2018.10.13"]
[Round "2.6"]
[White "Thiers, Jean-Jacques"]
[Black "Jullien, Patrick"]
[Result "0-1"]
[WhiteElo "1588"]
[BlackElo "1592"]
[PlyCount "60"]

1. e4 e5 2. Nf3 Nc6 3. Bb5 a6 4. Ba4 Nf6 5. O-O Be7 6. Re1 b5 7. Bb3 O-O 8. c3
d5 9. exd5 Nxd5 10. Nxe5 Nxe5 11. Rxe5 c6 12. d4 Bd6 13. Re1 Qh4 14. g3 Qh3 15.
Qf3 Bg4 16. Qg2 Rae8 17. Bd2 Qh5 18. Na3 Bxa3 19. bxa3 Re2 20. Rxe2 Bxe2 21.
Re1 Nf6 22. f4 Bf3 23. Qf1 Ne4 24. Qd3 Nxg3 25. Re5 Ne2+ 26. Kf2 Qxh2+ 27. Kxf3
Ng1+ 28. Kg4 g6 29. f5 Qg2+ 30. Kf4 g5+ 0-1

[Event "Open Vitrolles 2018/2019"]
[Site "Vitrolles"]
[Date "2018.10.13"]
[Round "2.7"]
[White "Cens, Alain"]
[Black "Maccagno, Gilbert"]
[Result "0-1"]
[WhiteElo "1453"]
[BlackElo "1382"]
[PlyCount "86"]

1. c4 Nf6 2. Nc3 d6 3. g3 g6 4. Bg2 c6 5. d3 Bg7 6. e4 Nbd7 7. Nge2 O-O 8. O-O
Rb8 9. Rb1 e5 10. h3 Kh8 11. Be3 b6 12. b4 a6 13. a4 Bb7 14. b5 a5 15. bxc6
Bxc6 16. Nb5 Nc5 17. Nec3 Qd7 18. Kh2 Rfd8 19. f3 Nh5 20. h4 h6 21. Bh3 Qe7 22.
Bg4 Nf6 23. Bh3 Nh5 24. f4 exf4 25. Bxf4 Nxf4 26. Rxf4 Be5 27. Rf1 Qxh4 28. Rg1
Bd7 29. Qf1 Qxh3+ 30. Qxh3 Bxh3 31. Kxh3 Nxd3 32. Nd5 Rd7 33. Rgf1 Kg7 34. g4
Nc5 35. Nbc3 Rdb7 36. Kg2 Ne6 37. Nb5 Ng5 38. Rbe1 Ne6 39. Rd1 Ng5 40. Rfe1 Ne6
41. Kf3 Rc8 42. Na3 Nc5 43. Nb5 Nxa4 0-1

[Event "Open Vitrolles 2018/2019"]
[Site "Vitrolles"]
[Date "2018.10.13"]
[Round "2.8"]
[White "Vinet, Christophe"]
[Black "Misene, Milan"]
[Result "1-0"]
[WhiteElo "1638"]
[BlackElo "1298"]
[PlyCount "57"]

1. e4 d6 2. d4 Nf6 3. Nc3 g6 4. f4 Bg7 5. Nf3 O-O 6. Bc4 Bg4 7. h3 Bd7 8. e5
dxe5 9. fxe5 Ne8 10. O-O Nc6 11. Ng5 e6 12. Nge4 Na5 13. Bd3 f6 14. exf6 Nxf6
15. Bg5 h6 16. Nxf6+ Rxf6 17. Bxf6 Bxf6 18. Bxg6 Qe7 19. Qg4 Kh8 20. Qf4 Kg7
21. Bd3 Rc8 22. Rf3 Bg5 23. Qe5+ Bf6 24. Qxa5 Bxd4+ 25. Kh1 Qc5 26. Qxc5 Bxc5
27. Raf1 Bc6 28. Rg3+ Kh8 29. Rf7 1-0

[Event "Open Vitrolles 2018/2019"]
[Site "Vitrolles"]
[Date "2018.10.13"]
[Round "2.9"]
[White "Porte, Jacques"]
[Black "Scamaroni, Jean-Paul"]
[Result "1/2-1/2"]
[WhiteElo "1254"]
[BlackElo "1569"]
[PlyCount "53"]

1. d4 Nf6 2. c4 g6 3. Nf3 Bg7 4. Nc3 O-O 5. e4 d6 6. Bd3 Nbd7 7. Be3 c5 8. d5
Ng4 9. Bd2 Nge5 10. Nxe5 Nxe5 11. Be2 f5 12. f4 Nf7 13. O-O fxe4 14. Be3 Nh6
15. Nxe4 Bxb2 16. Rb1 Bg7 17. Ng3 Nf5 18. Bc1 Bd4+ 19. Kh1 Ne3 20. Bxe3 Bxe3
21. f5 gxf5 22. Bd3 f4 23. Bxh7+ Kxh7 24. Qh5+ Kg7 25. Qg5+ Kf7 26. Qh5+ Kf6
27. Ne4+ 1/2-1/2

[Event "Open Vitrolles 2018/2019"]
[Site "Vitrolles"]
[Date "2018.10.13"]
[Round "2.10"]
[White "Bregier, Gerard"]
[Black "Coquet, Bruno"]
[Result "1-0"]
[WhiteElo "1452"]
[BlackElo "1230"]
[PlyCount "53"]

1. b3 e5 2. Bb2 Nc6 3. e3 d5 4. d3 Nge7 5. Ne2 Ng6 6. g3 Bg4 7. h3 Bf3 8. Rg1
Qd7 9. Nd2 Bxe2 10. Qxe2 O-O-O 11. O-O-O Bc5 12. Bg2 Kb8 13. Kb1 f6 14. c4 Nge7
15. f4 Nf5 16. Nf1 dxc4 17. g4 Nfe7 18. bxc4 Rhe8 19. fxe5 Nxe5 20. d4 Qa4 21.
Ng3 Nxc4 22. dxc5 Nxb2 23. Kxb2 Qb4+ 24. Ka1 Qxc5 25. Qb2 Nc6 26. Rc1 Qxe3 27.
Bxc6 1-0

[Event "Open Vitrolles 2018/2019"]
[Site "Vitrolles"]
[Date "2018.10.13"]
[Round "2.11"]
[White "Schoeni, Christine"]
[Black "Amoros, Jean"]
[Result "0-1"]
[WhiteElo "1024"]
[BlackElo "1441"]
[PlyCount "110"]

1. d4 Nf6 2. Nc3 e6 3. e4 Bb4 4. Bd2 Bxc3 5. Bxc3 Nxe4 6. Qf3 Nxc3 7. Qxc3 O-O
8. Nf3 Nc6 9. Bd3 f5 10. O-O b6 11. Ne5 Nxe5 12. dxe5 Bb7 13. f3 c5 14. Qd2 Bc6
15. c4 a6 16. b3 Rb8 17. a4 Qh4 18. Qf2 Qe7 19. f4 b5 20. a5 bxc4 21. Bxc4 Ra8
22. Rfd1 Rfb8 23. Rab1 Qd8 24. Qd2 Rb4 25. Ra1 Qc8 26. Qf2 Be4 27. Qg3 Bc6 28.
Ra2 Bb5 29. Qc3 Qc6 30. Rd6 Qb7 31. Rb2 Ra7 32. Rb6 Qe4 33. Qd2 Bxc4 34. Rxb4
cxb4 35. bxc4 Qxc4 36. Rxb4 Qc5+ 37. Kf1 Kf7 38. Ra4 Qb5+ 39. Qe2 Qxa4 40. Qh5+
Ke7 41. Qg5+ Ke8 42. Qxg7 Kd8 43. Qg3 Qxa5 44. h4 Rb7 45. Kg1 Rb1+ 46. Kh2 Qe1
47. Qg5+ Kc7 48. Qh5 Qh1+ 49. Kg3 Rb3+ 50. Kf2 Rb2+ 51. Ke3 Qe1+ 52. Kd3 Qd2+
53. Kc4 Rc2+ 54. Kb3 Qc3+ 55. Ka4 Ra2# 0-1

[Event "Open Vitrolles 2018-2019"]
[Site "Aubagne"]
[Date "2018.11.24"]
[Round "3.1"]
[White "Fournier, Alain"]
[Black "Bouriel, Michel"]
[Result "1-0"]
[WhiteElo "1510"]
[BlackElo "1385"]
[PlyCount "95"]

1. d4 Nf6 2. Nf3 g6 3. Bf4 Bg7 4. h3 O-O 5. e3 b6 6. c4 Bb7 7. Nc3 Nc6 8. Be2
d6 9. O-O Nb4 10. a3 Na6 11. b4 c5 12. b5 Nc7 13. Rc1 cxd4 14. exd4 Rc8 15. Qd2
Nh5 16. Bh6 Ne6 17. Bxg7 Kxg7 18. d5 Nc5 19. Nd4 Nf6 20. Bd1 Nfd7 21. Nc6 Bxc6
22. dxc6 Ne5 23. Bc2 Nxc4 24. Qd4+ Ne5 25. Nd5 Ne6 26. Qc3 f6 27. f4 Nf7 28. f5
Nc7 29. Nxc7 Rxc7 30. fxg6 hxg6 31. Qg3 Ne5 32. h4 Rh8 33. Rf5 Qe8 34. h5 Rh6
35. Rxe5 dxe5 36. Bxg6 Qf8 37. Rd1 e6 38. Qg4 f5 39. Bxf5+ Kh8 40. Bxe6 Rg7 41.
Qc4 Qc5+ 42. Qxc5 bxc5 43. Rd8+ Kh7 44. Bf5+ Rhg6 45. Bxg6+ Kh6 46. Rd7 Rg8 47.
c7 Rc8 48. Bf5 1-0

[Event "Open Vitrolles 2018-2019"]
[Site "Aubagne"]
[Date "2018.11.24"]
[Round "3.2"]
[White "Pinto, Axel"]
[Black "Guisset, Andre"]
[Result "0-1"]
[WhiteElo "1449"]
[BlackElo "1367"]
[PlyCount "50"]

1. e4 c6 2. d4 d5 3. Nc3 dxe4 4. Nxe4 Nf6 5. Nxf6+ gxf6 6. Bc4 Bf5 7. Be3 e6 8.
Ne2 Nd7 9. Ng3 Bg6 10. h4 h5 11. Qd2 Nb6 12. Bb3 Nd5 13. f4 Nxe3 14. Qxe3 Bd6
15. O-O Kf8 16. f5 exf5 17. Ne2 Kg7 18. Nf4 Re8 19. Qd2 Re4 20. c3 Qc7 21. g3
Rae8 22. Kg2 Bxf4 23. Rxf4 Re2+ 24. Rf2 Rxd2 25. Rxd2 Re3 0-1

[Event "Open Vitrolles 2018-2019"]
[Site "Aubagne"]
[Date "2018.11.24"]
[Round "3.3"]
[White "Blondelon, Claude"]
[Black "Jullien, Patrick"]
[Result "0-1"]
[WhiteElo "1219"]
[BlackElo "1592"]
[PlyCount "66"]

1. d4 Nf6 2. c4 e6 3. Nc3 d5 4. e3 Bd6 5. Nf3 O-O 6. Bd3 dxc4 7. Bxc4 c5 8. O-O
Nc6 9. Ne2 b6 10. Bd2 Bb7 11. Ng3 Rc8 12. dxc5 Bxc5 13. Bb3 Qe7 14. Bc3 Rfd8
15. Qc2 Nb4 16. Bxb4 Bxb4 17. Qe2 Ne4 18. Rfd1 Nxg3 19. hxg3 Qf6 20. Rxd8+ Rxd8
21. Rd1 g6 22. Rxd8+ Qxd8 23. Nd4 Bc5 24. Nf3 a5 25. Ne5 Qd6 26. Nd3 Qc6 27. f3
Bd6 28. Kf2 Qc7 29. f4 Qc6 30. Kg1 Qe4 31. Bc2 Qc4 32. Bb3 Qb5 33. Qc2 Ba6 0-1

[Event "Open Vitrolles 2018-2019"]
[Site "Aubagne"]
[Date "2018.11.24"]
[Round "3.4"]
[White "Maccagno, Gilbert"]
[Black "Vinet, Christophe"]
[Result "0-1"]
[WhiteElo "1382"]
[BlackElo "1638"]
[PlyCount "110"]

1. e4 e6 2. d4 d5 3. e5 c5 4. c3 Nc6 5. Nf3 Qb6 6. Be2 Nh6 7. O-O Nf5 8. g4
Nfe7 9. Na3 a6 10. Nc2 h5 11. Nfe1 cxd4 12. cxd4 hxg4 13. Bxg4 g6 14. b3 Nf5
15. Nf3 Be7 16. Bf4 Bd7 17. Qd2 O-O-O 18. Rfd1 Rdg8 19. Bg5 Qd8 20. Rac1 f6 21.
exf6 Bxf6 22. Bxf6 Qxf6 23. Qg5 Qd8 24. Qxd8+ Kxd8 25. Ne5 Nxe5 26. dxe5 Rh4
27. h3 Nh6 28. Ne3 Nxg4 29. Nxg4 Rxh3 30. Rd4 Rgh8 31. Kg2 Bc6 32. f3 R3h5 33.
Re1 Rf5 34. Re3 Ke7 35. f4 g5 36. fxg5 Rxg5 37. Rh3 Rhg8 38. Rg3 Be8 39. Kf3
Bh5 40. Rf4 Bxg4+ 41. Rgxg4 Rxg4 42. Rxg4 Rxg4 43. Kxg4 Kf7 44. Kg5 b5 45. a4
Kg7 46. a5 Kf7 47. Kf4 Kg6 48. Kg4 d4 49. Kf3 d3 50. Ke3 Kf5 51. Kxd3 Kxe5 52.
Kc3 Kd5 53. Kd3 e5 54. Kc3 e4 55. Kd2 Kd4 0-1